000 00988cam a2200265 4500
008 090401t1996 xxu||||| |||| 00| 0 eng d
020 _a1859412831
035 _a(Sirsi) u45246
041 _aeng
050 _a346.4104343
100 _aBoxer, Martin
245 _aLandlord & tenant : the new regime and its pitfalls : a critical guide to the landlord and Tenant (Covenants) Act 1995.
260 _aLondon
_bCavendish Publishing Limited
_c1996
300 _aiv,152p. ; 24cm.
350 _a19.95
520 _aA basic summary of the Landlord and Tenant (Covenants) Act 1995, including guidance on avoiding pitfalls. Provides commentary on the ABI Working Draft Clauses as well as a reproduction of the act.
650 _aASSIGNMENT
650 _aASSOCIATION OF BRITISH INSURERS
650 _aLANDLORD AND TENANT (COVENANTS) ACT 1995
650 _aLEASES
650 _aPRIVITY OF CONTRACT
690 _aPROPERTY-LANDLORD AND TENANT
942 _n0
948 _c04/03/1997
999 _c91668
_d91668